Culture Générale - Série 14 - Statistiques

Statistiques générales
  • Ce quiz a été pris 4 861 fois
  • Le résultat moyen est 5 sur 10
Statistiques - réponses
Question Réponse % Correct
Cerbère est le gardien des Enfers. De quel animal s'agit-il ? Chien
92%
Quel est le prénom de Balzac ? Honoré
91%
De quel pays, situé au coeur de l'Asie, Oulan Bator est-elle la capitale? Mongolie
82%
Qui composa l'opéra « La Flûte Enchantée » ? Mozart
71%
Dans quel pays se trouvent les temples d'Abou Simbel ? Egypte
47%
Quelle est la patrie de Robert Charlebois, Gilles Vigneault et Félix Leclerc ? Canada
43%
Qui a écrit « Le Vieil Homme et la Mer » ? Hemingway
33%
De quelle nationalité était Gustav Mahler ? Autrichienne
30%
Quelle est la profession d'Ambroise Paré ? Chirurgien
28%
Qui est l'auteur d'Ivanhoé ? Walter Scott
8%
Aucun quiz correspondant
Distribution des résultats
% des personnes avec chaque résultat
Percentile par nombre de réponses
Votre historique - résultats
Vous n’avez pas pris ce quiz